| 000 | 01388cam a2200421 i 4500 | ||
|---|---|---|---|
| 001 | 0000482 | ||
| 003 | DO-SdBNP | ||
| 005 | 20240130115618.0 | ||
| 007 | 0000482 | ||
| 008 | 100514s 2011 sp | 000 f spa | ||
| 015 | _a | ||
| 017 |
_a _b |
||
| 020 | _a9788466322461 | ||
| 035 | _a | ||
| 040 |
_aBPMSU _bspa _cBPMSU _e |
||
| 080 | _a | ||
| 082 | 4 |
_a823.5 _bC555c 2011 _222 |
|
| 100 | 1 | _aCurran, John | |
| 245 | 1 | 0 |
_aAgatha Christie : _blos cuadernos secretos y dos relatos inéditos de Poirot / _cJohn Curran ; traducción Miguel Martínez Lage |
| 260 |
_aMadrid : _bSantillana ediciones generales, _c2011. |
||
| 300 |
_a565 p. ; _c19 cm |
||
| 490 | 0 |
_aPunto de lectura, _v463 / 1 |
|
| 500 | _aIncluye índice de títulos. | ||
| 500 | _a | ||
| 504 | _aBibliografía : p. 557 | ||
| 534 |
_aTítulo original : _tAgatha Christie´s secret notebooks |
||
| 590 | _aInventariado, 2024/VM | ||
| 600 |
_aChristie, Agatha, _d1891-1976 _vCrítica e interpretación. |
||
| 600 |
_aChristie, Agatha, _d1891-1976 _xBiografás. _v |
||
| 650 | 4 | _aNovela inglesa | |
| 650 | 4 |
_aAsecinato _vNovela |
|
| 700 | 1 |
_aMartínez Lage, Miguel _d1961-2011 _etr. |
|
| 700 | 1 |
_aChristie, Agatha _d1891-1976. |
|
| 740 | 3 | _aLa captura de Cerbero. | |
| 740 | 3 | _aEl incidente de la pelota del perro. | |
| 910 | _aVMateo V. / Validado. Control de calidad MFF | ||
| 942 |
_2ddc _cBK |
||
| 999 |
_c10703 _d10703 |
||